00682nam a2200229 a 4500001001300000003000900013005001700022008004100039020002200080082001800102100001300120245004100133260003600174300000900210500003500219505002400254700001300278902000800291942000700299952012900306999001700435nice12345678IN_TiNIC20260116014615.0050524s2004 newa grp 000 0 eng  a8173042853 c6000a954.0072bJHA aJha, D N aAncient India, in Historical Outline aNew Delhi bManohar Pub. c2004 a215p aincludes index and biblioraphy2 aBibliography, Index1 aJha, D N bSRS cBK 001040708StackRoom-aHMIbHMId2005-05-24g60.00l2o954.0072 JHAp021363r2022-07-06s2022-06-27v60.00w2005-05-24yBK c16207d16207